000 00646nam a2200229Ia 4500
003 OSt
005 20220928131439.0
006 a|||||r|||| 00| 0
007 ta
008 220927b |||||||| |||| 00| 0 eng d
024 _a34624
037 _cTextual
040 _aSDCL
_cSDCL
_beng
041 _2eng
_aeng
082 _aV2:2:(Z)'N8, M3
100 _aWadhwa D C
_9478184
245 0 _aRe-promulgation of ordinances
_b A fraud on the constitution of India
260 _aNew Delhi
_bOrient Longmam
_c1983
300 _axxix,259p
_ccm.
942 _hV2:2:(Z)'N8, M3
_cTEXL
_2CC
999 _c790684
_d790684